000
00197nam a2200085Ia 4500
008
120527s9999 xx 000 0 und d
100
_a
Triola, F. mand
245
_a
Elementary Statistics
942
_c
BK
999
_c
27811
_d
27811